|
|
|
|
| LEADER |
00000cas a2200000 c 4500 |
| 001 |
1134050526 |
| 003 |
DE-627 |
| 005 |
20231128082447.0 |
| 007 |
tu |
| 008 |
980210c19uuuuuuxx uu m| 0 |0und c |
| 035 |
|
|
|a (DE-627)1134050526
|
| 035 |
|
|
|a (DE-576)064050521
|
| 035 |
|
|
|a (DE-599)BSZ064050521
|
| 035 |
|
|
|a (OCoLC)312701357
|
| 040 |
|
|
|a DE-627
|b ger
|c DE-627
|e rakwb
|
| 190 |
|
|
|j 1997
|
| 245 |
0 |
0 |
|a Biblioteche e bibliotecari
|c collana a cura della Associazione Bibliotecari Cappuccini Italiani
|
| 264 |
3 |
1 |
|a Veneza-Mestre
|b Archivio Provinciale Cappuccini Veneti
|c 19XX-
|
| 336 |
|
|
|a Text
|b txt
|2 rdacontent
|
| 337 |
|
|
|a ohne Hilfsmittel zu benutzen
|b n
|2 rdamedia
|
| 338 |
|
|
|a Band
|b nc
|2 rdacarrier
|
| 500 |
|
|
|a Wechselnde Verlagsangaben
|
| 655 |
|
7 |
|a Monografische Reihe
|0 (DE-588)4179998-7
|0 (DE-627)104628669
|0 (DE-576)209995106
|2 gnd-content
|
| 856 |
4 |
2 |
|u https://swbplus.bsz-bw.de/bsz064050521rez.htm
|m B:DE-576;ifb
|q application/pdf
|v 20110222151812
|x Verlag
|3 Rezension zu Bd. 4
|7 1
|
| 889 |
|
|
|w (DE-627)1871380219
|
| 951 |
|
|
|a ST
|
| ELC |
|
|
|b 1
|
| ITA |
|
|
|a 1
|t 1
|
| LOK |
|
|
|0 000 xxxxxcx a22 zn 4500
|
| LOK |
|
|
|0 001 2321448296
|
| LOK |
|
|
|0 003 DE-627
|
| LOK |
|
|
|0 004 1134050526
|
| LOK |
|
|
|0 005 19991209000000
|
| LOK |
|
|
|0 008 991111||||||||||||||||ger|||||||
|
| LOK |
|
|
|0 040
|a DE-21
|c DE-627
|d DE-21
|
| LOK |
|
|
|0 852
|a DE-21
|
| LOK |
|
|
|0 852 1
|9 00
|
| LOK |
|
|
|0 939
|a 11-11-99
|b l01
|
| ORI |
|
|
|a SA-MARC-ixtheob001.raw
|
| SPR |
|
|
|a 1
|t IXT
|